Can You Read Cursive? - Statistics

General Stats
  • This quiz has been taken 206 times
  • The average score is 21 of 39
Answers on the Map
Answers color-coded by a green-red scale on the quiz's map according to % correct below.
 
Answer Stats
Words % Correct
My
100%
Dear
96%
Friend:
94%
I
92%
regret
88%
that
87%
I
85%
have
83%
been
72%
to
66%
unable
61%
letter
60%
your
60%
interesting
59%
until
59%
so
58%
answer
57%
late
57%
but
54%
going
54%
on
54%
the
52%
that
50%
it
49%
theory
49%
is
46%
better
43%
late
41%
than
41%
never,
40%
am
37%
I
37%
my
26%
first
24%
seizing
24%
opportunity
20%
to
19%
amends.
18%
make
18%
No matching quizzes found
Score Distribution
Percent of People with Each Score
Percentile by Number Answered
Your Score History
You have not taken this quiz